02326nam a2200289 a 4500001001000000003000900010005001700019007000300036008003900039020001500078020001800093040003000111082003100141100004300172245012300215250001200338264004200350300004700392336002700439337003300466338002800499505133100527650005401858650002701912651004901939700004801988000000127DO-SdBPM20260206113936.0ta081126s2005 dr a 001 0 spa d a9945406108 a9789945406108 aDO-SdBPMbspacBPMSUdrda 4a305.57293bB742c, 20052221 a Bosch, Juan, d1909-2001eautor4aut.10aComposición social dominicana :bhistoria e interpretación /cJuan Bosch ; edición Diómedes Núñez Polanco. a22a ed. aSanto Domingo :bAlfa & Omega,c2005. a418 páginas :bilustraciones ;c24 cm. atextobtxt2rdacontent asin mediaciónbn2rdamedia avolumenbnc2rdacarrier0 aUn preámbulo necesario -- Origen de las clases sociales en Santo Domingo -- Aparición y declinación de una oligarquía del azúcar -- De los ingenios a los hatos -- El desarrollo de la sociedad hatera -- La curiosa sociedad de los bucaneros -- La colonia francesa de Saint-Domingue -- El siglo de la miseria -- De la inamovilidad del siglo XVII al dinamismo del siglo XVIII -- Medio siglo de relativo desarrollo -- Santo Domingo en el panorama del Caribe -- La revolución haitiana -- El caso de las emigraciones -- El gobierno de los hateros y la sociedad de los cosecheros de tabaco -- Las causas de la invasión haitiana en 1822 -- La pequeña burguesía en la historia dominicana -- La pequeña burguesía contra el poder de los hateros -- 1857-1861. Luchas en el seno de la pequeña burguesía -- La restauración, obra de la pequeña burguesía -- El largo reinado de la pequeña burguesía en la vida política nacional -- La composición social y los partidos políticos de la época -- El gobierno de los azules o el camino hacia la sociedad burguesa -- De la muerte de Heureaux a la muerte de Cáceres -- El imperialismo en acción -- La composición social hasta 1930 -- Trujillo, o el paso de la pequeña burguesía a la burguesía -- La composición social a la muerte de Trujillo. 7aClases socialeszRepública DominicanaxHistoria 7aSociologíaxHistoria 7aRepública DominicanaxCondiciones sociales1 aNuñez Polanco, Diómedesd1952-eeditor